| 000 | 01654nam a2200253 a 4500 | ||
|---|---|---|---|
| 001 | 54333 | ||
| 003 | BD-RjUL | ||
| 005 | 20211209080114.0 | ||
| 008 | 161106s1977 bg ||||| |||| 00| 0 ben d | ||
| 035 | _a(BD-RjUL)54455 | ||
| 040 |
_aBD-RjUL _bben _cBD-RjUL _dBD-RjUL |
||
| 041 | _aben | ||
| 082 |
_223 _a378.095492 _bBAN 1977 |
||
| 245 |
_aবাংলাদেশের বিশেষ সুপিরিয়র সার্ভিস প্রশিক্ষণার্থীদের ব্যবহারিক প্রশিক্ষণ সম্মেলন : _b(মে ১০-১১, ১৯৭৬ ইং) / _cসম্পাদনা : মঈনুল হাসান, কাজী সদরুল হক এবং মোঃ আমীরুল হক |
||
| 260 |
_aকুমিল্লা : _bবাংলাদেশ পল্লী উন্নয়ন একাডেমী, _c১৯৭৭. |
||
| 300 |
_a১২৯ পৃ. ; _c২৬ সেমি. |
||
| 500 | _aবি, এস, এস, প্রশিক্ষণার্থীদের থানায় ব্যাওহারিক প্রশিক্ষন ও নিরীক্ষার আলোক অনুষ্ঠিত সম্মেলন রিপোর্ট | ||
| 650 |
_aউচ্চশিক্ষা _zবাংলাদেশ _9121571 |
||
| 650 |
_aHigher Education _zBangladesh _9118193 |
||
| 700 |
_aহাসান, মঈনুল : সম্পাদনা _9162163 |
||
| 700 |
_aহক,কাজী সদরুল : সম্পাদনা _9162164 |
||
| 700 |
_aহক,মোঃ আমীরুল : সম্পাদনা _9162165 |
||
| 942 |
_2ddc _cBK |
||
| 999 |
_c54333 _d54333 |
||